Január

Bibliographic Details
Main Author: Gazdag, Erzsi, 1912-1987 (Author)
Format: Article
Language:Hungarian
Slovak
Subjects:

MARC

LEADER 00000nab a2200000 a 4500
001 vtls000784370
003 SK-MaSNL
005 20260302153610.0
008 160314c2002 xo 0 hun
015 |a SNBRB2002/02-06205 
035 |a CLN000136045 
040 |a SNKBUCL  |b slo  |c SNKBUCL  |e AACR2 
041 0 |a slo 
044 |a xo  |c SK 
080 |a 894.511-1(087.5)=945.11  |2 UDC-MRF-SK2 
100 1 |a Gazdag, Erzsi,  |d 1912-1987  |4 aut  |9 848949 
245 1 0 |a Január  |c Gazdag Erzsi 
650 0 7 |a naratívne básne, maďarské  |2 snkbucl  |9 71242 
773 0 |t Cserkész  |g Roč. 12, č. 5 (2002), s. 5 
850 |a Slovenská národná knižnica v Martine 
852 |a SNK  |b KIS3GCP 
958 |a HU 
958 |a LX 
958 |a DB 
958 |a RBX 
999 |c 1365913  |d 1367843